[Event "World Youth Chess Championship 2017"]
[Site "Sheraton Hotel, Montevideo"]
[Date "2017.09.24"]
[Round "9.3"]
[White "Stoleriu , George"]
[Black "Gumularz, Szymon"]
[Result "0-1"]
[WhiteElo "2315"]
[BlackElo "2346"]
[PlyCount "80"]
[EventDate "2017.09.17"]
[EventRounds "11"]
[EventCountry "URU"]

1. d4 Nf6 2. Bf4 e6 3. e3 b6 4. Nf3 Bb7 5. Bd3 c5 6. Nc3 cxd4 7. exd4 Be7 8.
Qe2 O-O 9. O-O d6 10. Rfe1 Re8 11. Ng5 Bf8 12. Nce4 h6 13. Nxf6+ Qxf6 14. Qg4
Nd7 15. c3 g6 16. Bb5 hxg5 17. Bxg5 Qg7 18. Re3 Nf6 19. Bxf6 Qxf6 20. Bxe8 Rxe8
21. Rd1 Be7 22. d5 Bxd5 23. Qa4 Rf8 24. Qxa7 Bd8 25. Qa4 Qf5 26. h3 Bg5 27. Re2
Bf4 28. c4 Ba8 29. Kf1 Qg5 30. g3 Be5 31. Qb3 Qf5 32. g4 Qf4 33. Qe3 Qh2 34. f4
Qh1+ 35. Qg1 Qxh3+ 36. Ke1 Bxf4 37. Rd4 Be5 38. Rdd2 Qh4+ 39. Kf1 Bf3 40. Rf2
Bxg4 0-1

[Event "World Youth Chess Championship 2017"]
[Site "Sheraton Hotel, Montevideo"]
[Date "2017.09.25"]
[Round "10.6"]
[White "Fernandez Mazzetti, Ignacio"]
[Black "Stoleriu , George"]
[Result "1-0"]
[WhiteElo "2171"]
[BlackElo "2315"]
[PlyCount "71"]
[EventDate "2017.09.17"]
[EventRounds "11"]
[EventCountry "URU"]

1. e4 e6 2. d4 d5 3. e5 c5 4. c3 Nc6 5. Nf3 Bd7 6. Be2 Nge7 7. Na3 Nf5 8. Nc2
cxd4 9. cxd4 Qa5+ 10. Bd2 Qb6 11. Bc3 Na5 12. O-O Bb5 13. Bxa5 Qxa5 14. b4 Qa6
15. Bxb5+ Qxb5 16. a4 Qc6 17. Na3 Bxb4 18. Qb3 a5 19. Rfc1 Qb6 20. Nb5 O-O 21.
Rc7 Rac8 22. Rac1 Rxc7 23. Rxc7 Ne7 24. Qc2 h6 25. g4 Qa6 26. h4 Nc6 27. g5 Ne7
28. gxh6 gxh6 29. Nh2 Nf5 30. Ng4 Be7 31. Rxe7 Kh8 32. Rc7 Qa8 33. Nf6 Rg8+ 34.
Kf1 Qf8 35. Nxg8 Qg7 36. Nf6 1-0

[Event "World Youth Chess Championship 2017"]
[Site "Sheraton Hotel, Montevideo"]
[Date "2017.09.26"]
[Round "11.10"]
[White "Stoleriu , George"]
[Black "Baenziger, Fabian"]
[Result "0-1"]
[WhiteElo "2315"]
[BlackElo "2411"]
[PlyCount "120"]
[EventDate "2017.09.17"]
[EventRounds "11"]
[EventCountry "URU"]

1. e4 c5 2. Nf3 e6 3. d4 cxd4 4. Nxd4 a6 5. Bd3 Nf6 6. Nc3 Qc7 7. O-O Bc5 8.
Nb3 Ba7 9. Qf3 d6 10. Qg3 Nbd7 11. Bg5 h6 12. Bxf6 gxf6 13. Qg7 Rf8 14. a4 Ke7
15. Qxh6 Ne5 16. Be2 Bd7 17. Rad1 Rh8 18. Qf4 Rag8 19. Nd4 Ng6 20. Qd2 Qc5 21.
b4 Qxd4 22. Qxd4 Bxd4 23. Rxd4 Rc8 24. Nb1 Rxc2 25. Bd3 Rb2 26. Rc1 Rc8 27.
Rxc8 Bxc8 28. h4 Ne5 29. Kh2 Kf8 30. Na3 Rd2 31. Nc4 Rxd3 32. Rxd3 Nxd3 33. Nb6
Nxf2 34. Kg3 Nxe4+ 35. Kf4 d5 36. Nxc8 Kg7 37. g4 Nc3 38. Nd6 b6 39. a5 bxa5
40. bxa5 Kf8 41. h5 d4 42. Nc4 e5+ 43. Kf5 e4 44. Kf4 e3 45. Kf3 e2 46. Kf2 d3
47. Ke1 Nd5 48. Kd2 Nf4 49. Ne3 Kg7 50. Nf5+ Kh7 51. Nh4 Kh6 52. Nf3 Ng2 53.
Kxd3 e1=Q 54. Nxe1 Nxe1+ 55. Kc4 f5 56. gxf5 Kxh5 57. Kc5 Nc2 58. Kb6 Na3 59.
Kxa6 Nc4 60. Kb5 Nxa5 0-1

[Event "World Youth Open U16 2017"]
[Site "Montevideo URU"]
[Date "2017.09.22"]
[Round "6.1"]
[White "Stoleriu , George"]
[Black "Quirhuayo Chumbe, German Gonzalo"]
[Result "1-0"]
[WhiteElo "2315"]
[BlackElo "2381"]
[PlyCount "81"]
[EventDate "2017.09.17"]

1. d4 Nf6 2. Bg5 c5 3. Bxf6 gxf6 4. d5 Qb6 5. Qc1 Bg7 6. c4 d6 7. Nc3 f5 8. e3
Nd7 9. Qc2 Nf6 10. Bd3 Bd7 11. Nge2 e6 12. O-O h5 13. Rab1 h4 14. h3 Rc8 15.
Rfe1 Nh5 16. a3 Qd8 17. Rbd1 Qg5 18. dxe6 fxe6 19. Nf4 O-O 20. Nxh5 Qxh5 21.
Be2 Qg5 22. Rxd6 Bc6 23. Bf1 Qe7 24. Rd2 a6 25. Ne2 Rfd8 26. Red1 Rxd2 27. Rxd2
b5 28. cxb5 axb5 29. Nf4 c4 30. a4 Be4 31. Qd1 bxa4 32. Rd7 Qe8 33. Bxc4 Rxc4
34. Rd8 Rc8 35. Rxe8+ Rxe8 36. Qd7 Rb8 37. Qxe6+ Kh8 38. Ng6+ Kh7 39. Ne7 Kh8
40. Qg6 f4 41. Qxe4 1-0

[Event "Campionatul National de sah al Romaniei"]
[Site "Baile Felix"]
[Date "2017.02.02"]
[Round "1.1"]
[White "Stoleriu , George"]
[Black "David, Cristian"]
[Result "1/2-1/2"]
[WhiteElo "2202"]
[BlackElo "1873"]
[PlyCount "74"]
[EventDate "2017.02.02"]
[EventRounds "9"]

1. Nf3 e6 2. c4 c5 3. b3 Nf6 4. Bb2 Nc6 5. g3 d5 6. Bg2 Be7 7. O-O b6 8. d3 Bb7
9. a3 a5 10. Nc3 O-O 11. e3 Qd7 12. cxd5 Nxd5 13. Nxd5 exd5 14. d4 Rac8 15. Rc1
Rfd8 16. dxc5 bxc5 17. Qd2 Ba6 18. Rfd1 Qf5 19. h4 c4 20. Kh2 Rb8 21. Ne1 Rxb3
22. Rc3 Rxc3 23. Bxc3 Bc8 24. Kg1 Be6 25. Bxa5 Rd7 26. Bb4 Bf6 27. Qe2 Nxb4 28.
axb4 d4 29. exd4 Rxd4 30. Rc1 g6 31. Nc2 Rd8 32. Ne3 Qd3 33. Qxd3 cxd3 34. Bf3
Rb8 35. Rd1 Rxb4 36. Rxd3 Kg7 37. Kg2 h5 1/2-1/2

[Event "Campionatul National de sah al Romaniei"]
[Site "Baile Felix"]
[Date "2017.02.03"]
[Round "2.9"]
[White "Dicu, Dan Alexandru"]
[Black "Stoleriu , George"]
[Result "0-1"]
[WhiteElo "1961"]
[BlackElo "2202"]
[PlyCount "96"]
[EventDate "2017.02.02"]
[EventRounds "9"]

1. d4 e6 2. Nf3 Nf6 3. Bf4 b6 4. e3 Bb7 5. c3 d6 6. Nbd2 g6 7. Bd3 Bg7 8. O-O
O-O 9. Qe2 Nbd7 10. h3 h6 11. e4 e5 12. dxe5 dxe5 13. Be3 Qe7 14. Rad1 a5 15.
Rfe1 Nh5 16. g3 Qe6 17. Kh2 Qxa2 18. Nc4 Qa4 19. Na3 Rfd8 20. Bxh6 Bxh6 21. Bb5
Qxe4 22. Qxe4 Bxe4 23. Rxe4 Nhf6 24. Ree1 Bf8 25. Bc6 Rac8 26. Nc4 Bc5 27. Kg2
e4 28. Ng5 e3 29. Nxe3 Ne5 30. Nd5 Nxc6 31. Nxf6+ Kg7 32. Nge4 Be7 33. Nd5 Bf8
34. Nef6 Ne7 35. Nxe7 Rxd1 36. Rxd1 Bxe7 37. Ne4 f5 38. Rd7 Kf7 39. Nd2 Rd8 40.
Rxd8 Bxd8 41. Kf3 Bg5 42. Nc4 a4 43. g4 fxg4+ 44. hxg4 Ke6 45. Ne3 Ke5 46. Ke2
Bxe3 47. fxe3 Ke4 48. Kd2 b5 0-1

[Event "Campionatul National de sah al Romaniei"]
[Site "Baile Felix"]
[Date "2017.02.04"]
[Round "3.3"]
[White "Stoleriu , George"]
[Black "Colac, Marius-Daniel"]
[Result "1/2-1/2"]
[WhiteElo "2202"]
[BlackElo "1985"]
[PlyCount "92"]
[EventDate "2017.02.02"]
[EventRounds "9"]

1. e4 e6 2. d4 d5 3. Nc3 Nf6 4. e5 Nfd7 5. f4 c5 6. Nf3 Nc6 7. Be3 Qb6 8. a3
cxd4 9. Nxd4 Bc5 10. Na4 Qa5+ 11. c3 Bxd4 12. Bxd4 Nxd4 13. Qxd4 O-O 14. Bd3
Qc7 15. O-O a6 16. b4 b5 17. Nb2 Bb7 18. a4 Bc6 19. a5 f6 20. exf6 Rxf6 21.
Rae1 Re8 22. Bc2 e5 23. fxe5 Rxf1+ 24. Rxf1 Qxe5 25. Qxe5 Nxe5 26. Nd3 Nxd3 27.
Bxd3 Re3 28. Rd1 g6 29. Kf2 Re5 30. Be2 Kf7 31. Rd3 Ke6 32. Rh3 h5 33. Rg3 Kf6
34. h4 Be8 35. Bd3 Bf7 36. Rf3+ Kg7 37. Bc2 Re8 38. Bb3 Re5 39. Bc2 Re8 40. Bd3
Re5 41. g3 Re8 42. Bf1 Be6 43. Re3 Rf8+ 44. Ke1 Kf6 45. Bg2 Rd8 46. Rf3+ Ke5
1/2-1/2

[Event "Campionatul National de sah al Romaniei"]
[Site "Baile Felix"]
[Date "2017.02.05"]
[Round "5.2"]
[White "Stoleriu , George"]
[Black "Talu, Mircea"]
[Result "1-0"]
[WhiteElo "2202"]
[BlackElo "2048"]
[PlyCount "89"]
[EventDate "2017.02.02"]
[EventRounds "9"]

1. e4 c5 2. Nc3 Nc6 3. Bb5 g6 4. Bxc6 dxc6 5. f4 Bg7 6. Nf3 Nf6 7. d3 O-O 8.
O-O b6 9. Qe1 Ba6 10. b3 b5 11. Be3 Nd7 12. Rd1 Qa5 13. e5 b4 14. Na4 Bb5 15.
Nxc5 Nxc5 16. Bxc5 Bxd3 17. Bxb4 Qb6+ 18. Rf2 Bxc2 19. Ba5 Bxd1 20. Bxb6 Bxf3
21. Bc5 Bg4 22. h3 Be6 23. Bxe7 Rfe8 24. Bd6 a5 25. g4 a4 26. f5 Bd5 27. b4
Rad8 28. Qc1 Bxe5 29. Bxe5 Rxe5 30. f6 g5 31. Rf5 Rxf5 32. gxf5 h6 33. Qd2 Kh7
34. a3 Rb8 35. Qc2 Ra8 36. Kf2 Kh8 37. Qc5 Rd8 38. Qe7 Rg8 39. Qd6 Bc4 40. Qd7
Bd5 41. b5 Bb3 42. bxc6 Bc4 43. Qxf7 Ba6 44. c7 Bc8 45. Qh5 1-0

[Event "Campionatul National de sah al Romaniei"]
[Site "Baile Felix"]
[Date "2017.02.06"]
[Round "6.2"]
[White "Stefan, Mihai"]
[Black "Stoleriu , George"]
[Result "0-1"]
[WhiteElo "1985"]
[BlackElo "2202"]
[PlyCount "138"]
[EventDate "2017.02.02"]
[EventRounds "9"]

1. d4 Nf6 2. c4 e6 3. Nc3 Bb4 4. f3 O-O 5. a3 Bxc3+ 6. bxc3 Ne8 7. e4 b6 8. Ne2
Ba6 9. Ng3 Nc6 10. Bd3 Na5 11. Qe2 c5 12. Ra2 Qh4 13. O-O Rc8 14. Rc2 g6 15.
Be3 f5 16. exf5 exf5 17. Bf2 Qf6 18. Re1 d5 19. dxc5 bxc5 20. cxd5 c4 21. Bxf5
gxf5 22. Bxa7 Nb3 23. Qe6+ Qxe6 24. Rxe6 Bb7 25. Re5 Nd6 26. Rce2 Nc1 27. Rc2
Nd3 28. Re6 Nb5 29. Rb6 Bc6 30. dxc6 Nxa7 31. Re2 Nxc6 32. Re6 Nce5 33. Rb5 Rb8
34. Rbxe5 Rb1+ 35. Nf1 Nxe5 36. Rxe5 Rc1 37. Rc5 Rd8 38. Kf2 Rxc3 39. f4 Rc2+
40. Ke1 Re8+ 41. Kd1 Rf2 42. Ng3 Rb8 43. Rxc4 Rb1+ 44. Rc1 Rxc1+ 45. Kxc1 Rxg2
46. Nxf5 Rxh2 47. Ne3 Re2 48. Nd5 Ra2 49. Kd1 Kf7 50. Ke1 Ke6 51. Ne3 Kd6 52.
Kf1 Kc5 53. Ng4 Kd4 54. Nf6 h6 55. Kg1 Rxa3 56. Kh2 Ra6 57. Nh5 Ke4 58. Kg3
Rg6+ 59. Kh3 Kf3 60. Kh2 Kg4 61. Ng3 Ra6 62. Nf1 Ra2+ 63. Kg1 Kxf4 64. Nh2 h5
65. Nf1 h4 66. Nh2 h3 67. Nf1 Rg2+ 68. Kh1 Rf2 69. Kg1 Kf3 0-1

[Event "Campionatul National de sah al Romaniei"]
[Site "Baile Felix"]
[Date "2017.02.07"]
[Round "7.1"]
[White "Stoleriu , George"]
[Black "Ciorica, Mihai Vlad"]
[Result "1/2-1/2"]
[WhiteElo "2202"]
[BlackElo "2059"]
[PlyCount "34"]
[EventDate "2017.02.02"]
[EventRounds "9"]

1. Nf3 d5 2. c4 c6 3. b3 Bg4 4. Bb2 e6 5. g3 Bxf3 6. exf3 Nf6 7. Bg2 Be7 8. O-O
O-O 9. d3 Ne8 10. Nc3 Bf6 11. Qc2 Nd6 12. Ne2 Bxb2 13. Qxb2 Nd7 14. f4 Qf6 15.
Qxf6 Nxf6 16. Nd4 g6 17. Rfc1 Rfc8 1/2-1/2

[Event "Campionatul National de sah al Romaniei"]
[Site "Baile Felix"]
[Date "2017.02.08"]
[Round "8.1"]
[White "Stoleriu , George"]
[Black "Ileana, George"]
[Result "1-0"]
[WhiteElo "2202"]
[BlackElo "2174"]
[PlyCount "63"]
[EventDate "2017.02.02"]
[EventRounds "9"]

1. e4 c5 2. Nc3 Nc6 3. Bb5 Nd4 4. Bc4 e6 5. Nge2 a6 6. d3 b5 7. Bb3 Nf6 8. e5
Nxb3 9. axb3 b4 10. exf6 bxc3 11. fxg7 Bxg7 12. bxc3 Bb7 13. Be3 Qc7 14. f3 Rg8
15. Qd2 Bf6 16. O-O h5 17. Nf4 h4 18. Nh3 Ke7 19. Bf4 d6 20. Bg5 Rxg5 21. Nxg5
Rg8 22. Ne4 Be5 23. f4 Bf6 24. h3 Bxe4 25. dxe4 Rg3 26. Rf3 Rxf3 27. gxf3 c4
28. b4 Qa7+ 29. Kf1 e5 30. f5 Qb6 31. Ke2 Kd7 32. Qd5 1-0

[Event "10th Arad Open 2017"]
[Site "Arad ROU"]
[Date "2017.08.07"]
[Round "3.14"]
[White "Sundararajan, Kidambi"]
[Black "Stoleriu , George"]
[Result "1/2-1/2"]
[WhiteElo "2422"]
[BlackElo "2233"]
[PlyCount "52"]
[EventDate "2017.??.??"]

1. Nf3 Nf6 2. c4 e6 3. Nc3 Bb4 4. Qc2 O-O 5. a3 Bxc3 6. Qxc3 b6 7. e3 Bb7 8.
Be2 Ne4 9. Qc2 Ng5 10. b3 Nxf3+ 11. gxf3 Qh4 12. Bb2 d6 13. Rg1 e5 14. f4 Nd7
15. O-O-O Qxf2 16. Bd3 Qxh2 17. Bf5 Nf6 18. fxe5 dxe5 19. d4 Qxc2+ 20. Bxc2 Bf3
21. Rdf1 e4 22. Bxe4 Nxe4 23. Rxf3 f5 24. d5 Rf7 25. Kc2 Re8 26. Bd4 a5 1/2-1/2

[Event "10th Arad Open 2017"]
[Site "Arad ROU"]
[Date "2017.08.08"]
[Round "4.20"]
[White "Stoleriu , George"]
[Black "Petrisor, Adrian-Marian"]
[Result "0-1"]
[WhiteElo "2233"]
[BlackElo "2372"]
[PlyCount "104"]
[EventDate "2017.??.??"]

1. e4 e5 2. Nf3 Nc6 3. Bb5 Nf6 4. d3 Bc5 5. O-O d6 6. c3 O-O 7. Re1 a6 8. Ba4
Ba7 9. Nbd2 Ne7 10. Nf1 Ng6 11. h3 c6 12. Ng3 d5 13. Bb3 Be6 14. Qc2 Re8 15.
Ng5 Bd7 16. Bd2 Qc8 17. Be3 h6 18. Nf3 Bxh3 19. exd5 cxd5 20. Bxa7 Bxg2 21.
Nxe5 Nxe5 22. Rxe5 Rxe5 23. f4 Re7 24. Bd4 Bf3 25. Qf2 Qg4 26. Rf1 Nh5 27. Qxf3
Qxg3+ 28. Qg2 Re2 29. Qxg3 Nxg3 30. Rf2 Rd8 31. Kg2 Rxf2+ 32. Kxf2 Nf5 33. Bb6
Rd6 34. Bc5 Rd7 35. d4 g5 36. fxg5 hxg5 37. Kf3 Kg7 38. Bc2 Nd6 39. b3 Nb5 40.
Bf5 Rc7 41. c4 dxc4 42. bxc4 Rxc5 43. dxc5 Nd4+ 44. Kg4 Nxf5 45. Kxf5 f6 46.
Ke4 Kf7 47. Kd5 g4 48. Kd6 g3 49. Kc7 g2 50. Kxb7 g1=Q 51. c6 Qb1+ 52. Ka7 Ke7
0-1

[Event "10th Arad Open 2017"]
[Site "Arad ROU"]
[Date "2017.08.10"]
[Round "6.15"]
[White "Stoleriu , George"]
[Black "Korpa, B."]
[Result "0-1"]
[WhiteElo "2233"]
[BlackElo "2497"]
[PlyCount "68"]
[EventDate "2017.??.??"]

1. e4 c6 2. d4 d5 3. Nc3 dxe4 4. Nxe4 Bf5 5. Ng3 Bg6 6. Nf3 Nd7 7. h4 h6 8. h5
Bh7 9. Bd3 Bxd3 10. Qxd3 e6 11. Bd2 Ngf6 12. O-O-O Be7 13. Qe2 Rc8 14. Ne5 O-O
15. f4 c5 16. f5 cxd4 17. Bxh6 Nxe5 18. fxe6 Nfg4 19. Bxg7 d3 20. Bxf8 Bg5+ 21.
Kb1 dxe2 22. Rxd8 Rxd8 23. exf7+ Kxf8 24. Nxe2 Kxf7 25. Nc3 Nc4 26. Rf1+ Kg7
27. Rf5 Bf6 28. a4 Nge3 29. Rf4 Bxc3 30. bxc3 Rd1+ 31. Ka2 Rc1 32. g4 Rxc2+ 33.
Kb1 Rb2+ 34. Kc1 Rg2 0-1

[Event "10th Arad Open 2017"]
[Site "Arad ROU"]
[Date "2017.08.12"]
[Round "8.22"]
[White "Stoleriu , George"]
[Black "Toma, Radu Cristian"]
[Result "1-0"]
[WhiteElo "2233"]
[BlackElo "2377"]
[PlyCount "80"]
[EventDate "2017.??.??"]

1. e4 e5 2. Nf3 Nc6 3. Bb5 a6 4. Ba4 Nf6 5. d3 d6 6. c3 g6 7. Bg5 Bg7 8. Nbd2
h6 9. Bh4 O-O 10. O-O Qe8 11. Bxf6 Bxf6 12. Re1 b5 13. Bb3 Nd8 14. a4 b4 15.
cxb4 Rb8 16. Qc2 Nc6 17. Bd5 Nxb4 18. Qxc7 Be6 19. Qxd6 Be7 20. Qc7 Rc8 21. Qa5
Nxd3 22. Re3 Nb4 23. Bxe6 fxe6 24. Rc3 Rd8 25. Nc4 Qd7 26. h3 Nd3 27. Ncxe5
Nxe5 28. Nxe5 Qa7 29. Nf3 Bf6 30. e5 Rd5 31. Rc7 Rxa5 32. Rxa7 Bxe5 33. Re1 Bb8
34. Rb7 Rxa4 35. Rxe6 Ra1+ 36. Ne1 Kh8 37. g3 Rc1 38. Kg2 Bc7 39. Re7 Rc8 40.
Nf3 Rc4 1-0

[Event "10th Arad Open 2017"]
[Site "Arad ROU"]
[Date "2017.08.13"]
[Round "9.14"]
[White "Soltanici, Ruslan"]
[Black "Stoleriu , George"]
[Result "0-1"]
[WhiteElo "2408"]
[BlackElo "2233"]
[PlyCount "68"]
[EventDate "2017.??.??"]

1. e4 e6 2. d4 d5 3. Nd2 Nc6 4. Ngf3 Nf6 5. e5 Nd7 6. Bd3 a5 7. O-O b6 8. c3
Ba6 9. Ne1 Ne7 10. Qh5 Bxd3 11. Nxd3 Nf5 12. Nf3 g6 13. Qh3 h5 14. g4 Ng7 15.
Nfe1 Be7 16. f3 c5 17. Qg2 Qc7 18. Be3 O-O-O 19. h3 Kb8 20. f4 Rdg8 21. Nf3 c4
22. Nc1 Ka7 23. a4 hxg4 24. hxg4 f6 25. exf6 Nxf6 26. Ne2 Bd6 27. b3 cxb3 28.
Rab1 Ne4 29. Rxb3 Nf5 30. gxf5 gxf5 31. Ng5 Rh4 32. Rf3 Rg4 33. Ng3 Nxg3 34.
Rxg3 R8xg5 0-1

[Event "Campionatul National pe Echipe - SUPERL"]
[Site "?"]
[Date "2017.11.15"]
[Round "?"]
[White "Neagu, Liviu"]
[Black "Stoleriu , George"]
[Result "0-1"]
[WhiteElo "2020"]
[BlackElo "2354"]
[PlyCount "84"]
[EventDate "2017.??.??"]

1. b4 e6 2. Bb2 Nf6 3. a3 b6 4. Nf3 Bb7 5. e3 g6 6. Be2 Bg7 7. O-O O-O 8. c4 d6
9. d3 Nbd7 10. Nbd2 a5 11. Qc2 e5 12. Rfd1 Qe7 13. e4 Nh5 14. Qb3 Kh8 15. Re1
Nf4 16. Bf1 f5 17. d4 fxe4 18. Nxe4 h6 19. d5 b5 20. bxa5 Rxa5 21. a4 bxc4 22.
Qxb7 Nxd5 23. Qc6 N7b6 24. Bc3 Nxc3 25. Nxc3 d5 26. Nb5 e4 27. Ra2 Qf7 28. Nh4
Kh7 29. Nxc7 Rxa4 30. Rc2 Bd4 31. Ree2 Rc8 32. Qe6 Rxc7 33. Qg4 Ra1 34. Red2
Bf6 35. Qg3 Re7 36. Re2 d4 37. Ra2 Rxa2 38. Rxa2 d3 39. Qe3 Nd5 40. Qg3 c3 41.
Ra5 c2 42. Rxd5 c1=Q 0-1

[Event "Romanian Open"]
[Site "?"]
[Date "2017.11.26"]
[Round "?"]
[White "Stoleriu , George"]
[Black "Samu, Sorin-Mihai"]
[Result "1-0"]
[WhiteElo "2354"]
[BlackElo "2082"]
[PlyCount "59"]
[EventDate "2017.??.??"]

1. e4 c5 2. Nc3 Nc6 3. Bb5 e6 4. Bxc6 bxc6 5. f4 d5 6. d3 Nf6 7. Nf3 Be7 8. O-O
O-O 9. Kh1 Ba6 10. e5 Nd7 11. b3 f5 12. Na4 Rb8 13. c4 Rb4 14. Qc2 h6 15. Ba3
Rb7 16. Qf2 Qa5 17. Bb2 d4 18. Bc1 Qc7 19. Ba3 Rf7 20. Qg3 Kh7 21. Qh3 Kg8 22.
g4 Qa5 23. Rg1 fxg4 24. Rxg4 Bb5 25. Qxh6 Bxa4 26. Rag1 Bf8 27. Rh4 Re7 28.
Qh7+ Kf7 29. Qg6+ Kg8 30. Ng5 1-0

[Event "Campionatul national pe echipe - SUPERL"]
[Site "?"]
[Date "2016.11.21"]
[Round "3.6"]
[White "Vasiesiu, Victor"]
[Black "Stoleriu , George"]
[Result "1-0"]
[WhiteElo "2275"]
[BlackElo "2187"]
[PlyCount "59"]
[EventDate "2016.11.19"]
[EventType "team"]
[EventRounds "9"]
[WhiteTeam "Vados - Magazinul de Sah"]
[BlackTeam "C.S. Politehnica Iasi"]

1. e4 e6 2. d4 d5 3. Bd3 Nf6 4. e5 Nfd7 5. f4 c5 6. c3 Nc6 7. Nf3 Qb6 8. Bc2
cxd4 9. cxd4 Nb4 10. O-O Nxc2 11. Qxc2 Be7 12. Nc3 O-O 13. Kh1 f6 14. Be3 Nb8
15. Rae1 Na6 16. a3 Bd7 17. f5 Rac8 18. Qd2 Nc7 19. exf6 Bxf6 20. Ne5 Bb5 21.
Nxb5 Qxb5 22. Ng4 Bh4 23. g3 Be7 24. Bg5 Bxg5 25. Qxg5 exf5 26. Rxf5 Rxf5 27.
Nh6+ Kh8 28. Nxf5 Rg8 29. Nd6 Qd7 30. Qe7 1-0

[Event "TCh-ROU Superliga 2016"]
[Site "Calimanesti-Caciulata ROU"]
[Date "2016.11.27"]
[Round "9.2"]
[White "Stoleriu , George"]
[Black "Tomici, Stefan"]
[Result "1/2-1/2"]
[WhiteElo "2187"]
[BlackElo "2275"]
[PlyCount "30"]
[EventDate "2016.11.19"]
[WhiteTeam "C.S. Politehnica Iasi"]
[BlackTeam "C.S. Stud. Medicina Timisoara"]

1. e4 e5 2. Nf3 Nc6 3. Bb5 Nf6 4. d3 Bc5 5. O-O d6 6. c3 O-O 7. Re1 a6 8. Ba4
Ba7 9. Nbd2 Ne7 10. Nf1 Ng6 11. h3 c6 12. Bb3 h6 13. d4 Qc7 14. a4 Re8 15. Qc2
Bd7 1/2-1/2

[Event "World Youth Open U14 2016"]
[Site "Khanty-Mansiysk RUS"]
[Date "2016.09.23"]
[Round "2.9"]
[White "Stoleriu , George"]
[Black "Skalsky, Alexandr"]
[Result "1-0"]
[WhiteElo "2247"]
[BlackElo "2085"]
[PlyCount "67"]
[EventDate "2016.09.22"]

1. e4 c5 2. Nc3 Nc6 3. Bb5 Nd4 4. Bc4 e6 5. Nge2 a6 6. d3 b5 7. Bb3 Nxb3 8.
axb3 Bb7 9. O-O Nf6 10. Bg5 h6 11. Bh4 g5 12. Bg3 Bg7 13. f4 Nh5 14. f5 d6 15.
Qd2 Nxg3 16. Nxg3 h5 17. Nge2 Qe7 18. Kh1 h4 19. h3 Be5 20. Nd1 exf5 21. Rxf5
Bc8 22. Ne3 Bxf5 23. Nxf5 Qf6 24. Rf1 O-O-O 25. Qa5 d5 26. Ne3 Bf4 27. Nxd5
Rxd5 28. exd5 Qd6 29. Nxf4 gxf4 30. Qd2 Qxd5 31. Qxf4 Qh5 32. Qe4 Rd8 33. Rf5
Qg6 34. Rxc5+ 1-0

[Event "World Youth Open U14 2016"]
[Site "Khanty-Mansiysk RUS"]
[Date "2016.09.25"]
[Round "4.12"]
[White "Stoleriu , George"]
[Black "Marchuk, Rostislav"]
[Result "1/2-1/2"]
[WhiteElo "2247"]
[BlackElo "2054"]
[PlyCount "85"]
[EventDate "2016.09.22"]

1. e4 d6 2. d4 Nf6 3. Nc3 e5 4. dxe5 dxe5 5. Qxd8+ Kxd8 6. Bc4 Bb4 7. Nf3 Rf8
8. Nxe5 Nxe4 9. Nxf7+ Ke8 10. O-O Bxc3 11. bxc3 Rxf7 12. Bxf7+ Kxf7 13. Bf4
Nxc3 14. Bxc7 Nc6 15. Rfe1 Bf5 16. Be5 Nd5 17. c3 Rc8 18. Rad1 Nf6 19. f3 h5
20. Bf4 Ne7 21. Bd6 Ned5 22. Re5 Nxc3 23. Re7+ Kg6 24. Rd2 Nb5 25. Be5 b6 26.
h3 Rc1+ 27. Kh2 h4 28. a4 Na3 29. Bb2 Rc2 30. Rxc2 Nxc2 31. Rxa7 Nb4 32. Bd4
Nd7 33. Rb7 Nd5 34. Bf2 Kh5 35. f4 Kg6 36. Bxh4 Nxf4 37. g4 Be6 38. Bg3 Nd3 39.
a5 bxa5 40. Ra7 N3c5 41. Rxa5 Ne4 42. Be5 Nxe5 43. Rxe5 1/2-1/2

[Event "World Youth Open U14 2016"]
[Site "Khanty-Mansiysk RUS"]
[Date "2016.09.26"]
[Round "5.13"]
[White "Golikov, Daniil"]
[Black "Stoleriu , George"]
[Result "1-0"]
[WhiteElo "2114"]
[BlackElo "2247"]
[PlyCount "117"]
[EventDate "2016.09.22"]

1. d4 e6 2. c4 Bb4+ 3. Nc3 b6 4. e3 Bb7 5. Nge2 f5 6. a3 Be7 7. Ng3 Nf6 8. d5
O-O 9. Be2 a5 10. Bf3 Na6 11. d6 Bxf3 12. dxe7 Qxe7 13. Qxf3 Nc5 14. O-O Ng4
15. Qe2 Qh4 16. h3 Ne5 17. Nb5 Qxc4 18. Nxc7 Rac8 19. Nb5 Nb3 20. Rb1 Qd3 21.
Qxd3 Nxd3 22. Ne2 Ndxc1 23. Nxc1 Nd2 24. Nd3 Nxb1 25. Rxb1 Rfd8 26. Rd1 Kf8 27.
Nd6 Rc2 28. b4 Ke7 29. Ne5 Rc7 30. b5 g5 31. Ndc4 Rb7 32. Rd6 Rc8 33. a4 Rcb8
34. Rxd7+ Rxd7 35. Nc6+ Kf6 36. Nxb8 Rb7 37. Nc6 f4 38. e4 h5 39. e5+ Kg6 40.
f3 g4 41. h4 Rd7 42. Nd6 gxf3 43. gxf3 Kh6 44. Kf2 Rc7 45. Nc4 Rd7 46. Ke2 Rg7
47. Nxb6 Rg2+ 48. Kf1 Ra2 49. Nd7 Ra1+ 50. Ke2 Ra2+ 51. Kd3 Ra3+ 52. Kc4 Rxa4+
53. Kc5 Ra3 54. b6 Rc3+ 55. Kd4 Rxf3 56. b7 Rb3 57. b8=Q Rxb8 58. Ndxb8 Kg6 59.
Ke4 1-0

[Event "World Youth Open U14 2016"]
[Site "Khanty-Mansiysk RUS"]
[Date "2016.09.28"]
[Round "6.17"]
[White "Stoleriu , George"]
[Black "Thilakarathne, G M H."]
[Result "1/2-1/2"]
[WhiteElo "2247"]
[BlackElo "2028"]
[PlyCount "38"]
[EventDate "2016.09.22"]

1. e4 c5 2. Nc3 Nc6 3. Bb5 Nd4 4. Bc4 e6 5. Nge2 Nf6 6. O-O a6 7. Bb3 d6 8. d3
Nxb3 9. axb3 Be7 10. Ng3 h5 11. h3 Bd7 12. Be3 Bc6 13. Nb1 Qc7 14. f4 Rc8 15.
c3 h4 16. Ne2 d5 17. e5 Nh5 18. Nd2 g6 19. d4 c4 1/2-1/2

[Event "World Youth Open U14 2016"]
[Site "Khanty-Mansiysk RUS"]
[Date "2016.09.29"]
[Round "7.18"]
[White "Neelash, Saha"]
[Black "Stoleriu , George"]
[Result "0-1"]
[WhiteElo "2020"]
[BlackElo "2247"]
[PlyCount "54"]
[EventDate "2016.09.22"]

1. d4 Nf6 2. Bg5 Ne4 3. Bf4 c5 4. f3 Qa5+ 5. c3 Nf6 6. d5 e6 7. e4 exd5 8. exd5
d6 9. Qe2+ Be7 10. Bxd6 Nxd5 11. Bxb8 Rxb8 12. Qe5 Qb6 13. Qxb8 O-O 14. Nd2
Qxb2 15. Rb1 Qc2 16. Ne2 Re8 17. g3 Bg5 18. f4 Bxf4 19. Qxf4 Nxf4 20. gxf4 Bd7
21. Rg1 Ba4 22. Ra1 Qxc3 23. Rb1 Qc2 24. Ra1 c4 25. Rg3 c3 26. Nb3 Bxb3 27.
axb3 Qd2+ 0-1

[Event "World Youth Open U14 2016"]
[Site "Khanty-Mansiysk RUS"]
[Date "2016.09.30"]
[Round "8.12"]
[White "Stoleriu , George"]
[Black "Tarun, V Kanth"]
[Result "1-0"]
[WhiteElo "2247"]
[BlackElo "1954"]
[PlyCount "81"]
[EventDate "2016.09.22"]

1. e4 e6 2. f4 b6 3. Nc3 Bb7 4. d3 Nf6 5. Nf3 d5 6. e5 Nfd7 7. Ne2 c5 8. c3 Nc6
9. Be3 Be7 10. Ng3 d4 11. Bf2 g5 12. fxg5 Ndxe5 13. Nxe5 Nxe5 14. cxd4 cxd4 15.
Qa4+ Nc6 16. Be2 Bb4+ 17. Kf1 Be7 18. Bf3 Qd7 19. Rc1 Rc8 20. h4 O-O 21. Rc4
Rfd8 22. Ne4 a6 23. Qd1 b5 24. Rc5 Nb4 25. Rxc8 Rxc8 26. Nf6+ Bxf6 27. Bxb7
Qxb7 28. gxf6 Kh8 29. Qd2 Nd5 30. Bxd4 Qc6 31. Kf2 e5 32. Bxe5 Qe6 33. Re1 Qg4
34. Re4 Qf5+ 35. Kg1 Rg8 36. Qf2 Qg6 37. a3 a5 38. Qe2 b4 39. axb4 axb4 40. Bd4
h5 41. Qf3 1-0